Business and Company Resource Center
Elektronický integrovaný informačný zdroj, ktorý umožňuje prístup k denne aktualizovaným ekonomickým informáciám, k najnovším obchodným časopisom a analýzam, informáciám o obchodných aktivitách a hlavných akcionároch spoločností, spotrebiteľským trhovým údajom, chronológii a histórii korporácií, inf...
Gespeichert in:
| Format: | Buch |
|---|---|
| Sprache: | Englisch |
| Veröffentlicht: |
Farmington Hills
Thomson Gale
|
| Schlagworte: | |
| Tags: |
Keine Tags, Fügen Sie das erste Tag hinzu!
|
MARC
| LEADER | 00000nlm$a2200000$$$4500 | ||
|---|---|---|---|
| 001 | 0037331 | ||
| 005 | 20200806130425.1 | ||
| 041 | 0 | |a eng | |
| 044 | |a US | ||
| 245 | 1 | 0 | |a Business and Company Resource Center |
| 264 | 1 | |a Farmington Hills |b Thomson Gale | |
| 520 | |a Elektronický integrovaný informačný zdroj, ktorý umožňuje prístup k denne aktualizovaným ekonomickým informáciám, k najnovším obchodným časopisom a analýzam, informáciám o obchodných aktivitách a hlavných akcionároch spoločností, spotrebiteľským trhovým údajom, chronológii a histórii korporácií, informáciám o perspektívnych technológiách, burzovým správam a správam o výskume trhu a analýzam. | ||
| 610 | 2 | 0 | |a zdroje informačné elektronické |
| 610 | 2 | 0 | |a báza dát |
| 610 | 2 | 0 | |a ekonómia |
| 610 | 2 | 0 | |a podnikanie |
| 610 | 2 | 0 | |a podnik |
| 610 | 2 | 0 | |a spoločnosti |
| 610 | 2 | 0 | |a odvetvia priemyselné |
| 610 | 2 | 0 | |a marketing |
| 610 | 2 | 0 | |a manažment |
| 610 | 2 | 0 | |a analýzy |
| 610 | 2 | 0 | |a financie |
| 610 | 2 | 0 | |a trh kapitálový |
| 610 | 2 | 0 | |a technológie nové |
| 610 | 2 | 0 | |a výskum trhu |